Most Valuable Footballers -- Surname Beginning With 'R' - Statistics

General Stats
  • This quiz has been taken 88 times
  • The average score is 11 of 25
Answer Stats
# CMV Club Answer % Correct
1 €80.00m West Ham United Declan Rice
86%
1 €80.00m Real Madrid Rodrygo
82%
1 €80.00m Manchester City Rodri
78%
24 €20.00m Al-Nassr FC Cristiano Ronaldo
75%
5 €55.00m Manchester United Marcus Rashford
72%
5 €55.00m Liverpool Andrew Robertson
62%
4 €60.00m Tottenham Hotspur Cristian Romero
60%
5 €55.00m Tottenham Hotspur Richarlison
58%
8 €50.00m Barcelona Raphinha
55%
14 €30.00m Arsenal Aaron Ramsdale
49%
10 €40.00m Benfica Gonçalo Ramos
48%
23 €22.00m Brentford FC David Raya
37%
10 €40.00m Real Madrid Antonio Rüdiger
35%
9 €45.00m Paris Saint-Germain Fabián Ruiz
31%
19 €25.00m Juventus Adrien Rabiot
29%
14 €30.00m Tottenham Hotspur Emerson Royal
28%
16 €28.00m Real Betis Guido Rodríguez
28%
24 €20.00m Atletico Madrid Sergio Reguilón
28%
19 €25.00m Napoli Amir Rrahmani
25%
12 €35.00m Borussia Dortmund Giovanni Reyna
25%
12 €35.00m Napoli Giacomo Raspadori
22%
22 €23.00m Benfica Rafa
20%
18 €26.00m RB Leipzig David Raum
18%
19 €25.00m Real Sociedad Álex Remiro
14%
16 €28.00m Aston Villa Jacob Ramsey
12%
No matching quizzes found
Score Distribution
Percent of People with Each Score
Percentile by Number Answered
Your Score History
You have not taken this quiz